Statistics for Disney Channel Show by Theme Song

Click here to take the quiz!

General Stats

  • This quiz has been taken 214 times
  • The average score is 10 of 15

Answer Stats

Song LyricsTV Show% Correct
There's a hundred and four days of summer vacation. And school comes along just to end itPhineas and Ferb
90%
Here I am in your life, here you are in mine. Yes we have a suite life most of the timeThe Suite Life of Zack and Cody
90%
You get the limo out front. Hottest styles, every shoe, every colorHannah Montana
83%
I'm your basic average girl and I'm here to save the world. You can't stop me cause I'm ___ ________Kim Possible
81%
I'm up with the sunshine (Let's go), I lace up my high tops (Oh, no). Slam dunk, ready or not. Yeah, show me what you got.Liv and Maddie
77%
If you could gaze into the future. You might think life would be a breeze. Seeing trouble from a distance, but it's not that easy.That's So Raven
77%
When the crowd wants more, I bring on the thunder. 'Cause you got my back, and I'm not going under. You're my point, you're my guard. You're the perfect chord. And I see our names together on every billboard.Austin and Ally
75%
Today's all burnt toast, running late, dad jokes. Has anybody seen my left shoe?Good Luck Charlie
75%
Everybody, Everybody, get out on the floor. It can get a little crazy when the kick hits the floorShake It Up
75%
Well, you know everything's gonna be a breeze. That the end will no doubt justify the means. You can fix any problem with the slightest of ease. Yes, please.Wizards of Waverly Place
74%
Everybody's got their thing, Something different we all bring. Don't you let 'em clip your wings. You got it, you got it.Ant Farm
64%
Oh, when danger comes to you, You know I'll stand beside ya. 'Cause ain't nobody keeping it so cool, I always find a way. A way out of the fire. But don't tell nobody, Tell nobody.K.C. Undercover
55%
Off to the races, I'm going place, might be a long shot not gonna waste it. This is the big break and it's calling my name.Sonny with a Chance
48%
One, two, three, four who's that knocking at my door. five, six, seven, eight hurry up, don't be lateFish Hooks
30%
You and me will always be tight. Family every single day and night. Even when you start acting like a fool. You know I'm loving every single thing you do.The Proud Family
29%

Score Distribution

Percentile by Number Answered

Percent of People with Each Score

Your Score History

You have not taken this quiz